00691 2200241 4500001002100000005001500021035002000036007000300056008004100059020002200100082001000122084001600132100002200148245010200170250001000272260003300282300003200315650003600347700001300383504003100396990001100427990001100438INLIS00000000000341820190517104304 a0010-0519000010ta190517 g 0 ind  a978-979-17559-6-2 a155.2 a155.2 ACH p0 aACHMANTO, Mendatu1 aPsikologi Nama :bPanduan Memilih Nama untuk Sang Buah Hati /cAchmanto Mendatu; editor, Nasrudin acet.1 aYogyakarta :bPanduan,c2018 a182 hlm. :bilus. ;c21 cm. 4aPSIKOLOGI. IDENTITAS NAMA ORANG0 aNASRUDIN aBibliografi : hlm. 181-182 a6594 a a6594 b